000 00714nam a2200205 i 4500
001 161849
003 ES-MaACL
005 20250804062625.0
008 981002s1883 sp |||| | spa d
100 1 _aPérez Galdós, Benito,
_d1843-1920
_990871
245 1 0 _aGloria /
_cpor B. Perez Galdós.
250 _a4ª ed.
260 _aMadrid :
_b[s.n.],
_c1883 (
_fImp. y Litografía de "La Guirnalda")
300 _a2 v. (263 ; 304 p.) ;
_c17 cm.
530 _aDisponible en formato digital.
752 _aEspaña -
_dMadrid
852 _aES-MaACL
_jB-5793-94
_z- Enc. pasta española
856 _uhttp://bdh-rd.bne.es/viewer.vm?id=0000101060&page=1
_zBiblioteca Digital Hispánica
999 _c161849
_d161849